|
|
|
|
| LEADER |
01366cam a2200265 a 4500 |
| 003 |
GR-PaULI |
| 005 |
20171205112147.0 |
| 008 |
060825s2007 enka f 001 0 eng d |
| 020 |
|
|
|a 9781857093926
|
| 040 |
|
|
|a UKM
|b gre
|c UKM
|d BTCTA
|d BAKER
|d YDXCP
|d BWKUK
|d BWK
|d CDX
|d MUQ
|d DLC
|d GR-AiPI
|e AACR2
|
| 082 |
0 |
4 |
|a 709.455 8
|2 23
|
| 245 |
0 |
0 |
|a Renaissance Siena :
|b art for a city /
|c Luke Syson ... [et al.].
|
| 260 |
|
|
|a London :
|b National Gallery Co. :
|b Distributed by Yale University Press,
|c 2007.
|
| 300 |
|
|
|a 371 σ. :
|b εικ ;
|c 30 εκ.
|
| 500 |
|
|
|a Published to accompany an exhibition at The National Gallery, London, Oct. 24, 2007-Jan. 13, 2008.
|
| 504 |
|
|
|a Περιλαμβάνει βιβλιογραφικές παραπομπές (σ. 360-367) και ευρετήριο.
|
| 650 |
|
4 |
|a Αναγέννηση
|z Ιταλία
|z Σιένα
|v Εκθέσεις.
|9 165898
|
| 650 |
|
4 |
|a Τέχνη, Ιταλική
|y 15ος αι.
|v Εκθέσεις.
|9 165899
|
| 651 |
|
4 |
|a Ιταλία
|x Πολιτισμός
|9 11210
|
| 700 |
1 |
|
|a Syson, Luke.
|e συγγραφέας
|
| 710 |
2 |
|
|a National Gallery (Great Britain)
|
| 942 |
|
|
|2 ddc
|c BK15
|
| 952 |
|
|
|0 0
|1 0
|2 ddc
|4 0
|6 709_455000000000000_8_REN
|7 0
|9 217817
|a LISA
|b LISA
|c BSC
|d 2017-12-05
|i 13173
|l 0
|o 709.455 8 REN
|p 026000279166
|r 2017-12-05 00:00:00
|t 1
|w 2017-12-05
|y BK15
|
| 998 |
|
|
|c ΛΟΥΚΟΠΟΥΛΟΥ
|d 2017-12
|
| 999 |
|
|
|c 131988
|d 131988
|